Państwa na literę K - nagła śmierć na mapie - Statystyki

Ogólne statystyki
  • Ten quiz został rozwiązany 403 razy
  • Średni wynik to 14 z 22
Answers on the Grid
Answers color-coded by a green-red scale on the quiz's grid according to % correct below.
 
Statystyki odpowiedzi
Odpowiedź % Poprawnych
Kanada
84%
Kolumbia, Kostaryka, Kuba
81%
Katar, Kazachstan, Kirgistan, Kuwejt
81%
Kanada
77%
Kanada
77%
Kamerun, Kongo
76%
Kosowo
75%
Kazachstan, Kirgistan
75%
Kanada
73%
Kanada
71%
Korea Południowa, Korea Północna
66%
Kenia
63%
Kazachstan
60%
Kazachstan
60%
Kongo
57%
Kenia, Komory
57%
Kambodża
57%
Kiribati
52%
Kiribati
43%
Kiribati
33%
Kiribati
32%
Kolumbia
24%
Nie znaleziono quizów pasujących do podanych kryteriów
Rozkład punktacji
Procent ludzi z każdym wynikiem
Percentyl według liczby udzielonych odpowiedzi
Twoja historia wyników
Nie rozwiązałeś tego quizu